000 00880 a2200193 4500
999 _c7628
_d7628
020 _a9781483384573 (pbk. : alk. paper)
050 0 0 _aHQ10 DUN 2017
100 1 _aDuncan, Stephen F.
_eauthor
245 1 0 _aFamily life education :
_bprinciples and practices for effective outreach /
_cStephen F. Duncan, Brigham Young University, H. Wallace Goddard, University of Arkansas Cooperative Extension Service.
250 _aThird Edition.
264 1 _aLos Angeles :
_bSAGE,
_c2017
300 _axxiii, 490 pages ;
500 _aRevised edition of the authors' Family life education, 2011.
504 _aIncludes bibliographical references (pages 426-454) and indexes.
650 0 _aFamily life education.
700 1 _aGoddard, H. Wallace,
_eauthor.
942 _2lcc
_cBK
_h10
_iDUN
_kHQ